| 000 | 00518cam a22001217a 4500 | ||
|---|---|---|---|
| 008 | 180718b1930 xxu||||| |||| 00| 0 eng d | ||
| 082 | _aC0x54073 Un3 | ||
| 100 | _aIndian Statutory Commission | ||
| 245 | _aIndian Statutory Commission | ||
| 260 |
_aLondon _bHer Majesty's Stationery Office _c1930 |
||
| 300 | _a-v- | ||
| 500 | _aLibrary has v.1. Survey. 409+p.; v.2. Recommendations. 344+p. v.15. Extracts from official oral evidence. 534+p; v.16. Elections from memoranda and oral evidence. 496+p.; Interim report. 409+p. | ||
| 999 |
_c393249 _d393249 |
||